| 000 | 01003cam a2200289 a 4500 | ||
|---|---|---|---|
| 001 | 14775898 | ||
| 003 | OSt | ||
| 005 | 20150408114153.0 | ||
| 008 | 070320s2007 ne a 001 0 eng | ||
| 010 | _a 2007012013 | ||
| 020 | _a9780120887842 (pbk. : acidfree paper) | ||
| 040 |
_aDLC _cDLC _dDLC |
||
| 050 | 0 | 0 |
_aQA184.2 _b.B76 2007 |
| 082 | 0 | 0 |
_a512.5 _222 _bBRL |
| 100 | 1 |
_aBronson, Richard. _936614 |
|
| 245 | 1 | 0 |
_aLinear algebra : _ban introduction / _cRichard Bronson, Gabriel B. Costa. |
| 250 | _a2nd ed. | ||
| 260 |
_aAmsterdam ; _aBoston : _bElsevier, _cc2007. |
||
| 300 |
_axi, 503 p. : _bill. ; _c24 cm. |
||
| 500 | _aIncludes index. | ||
| 650 | 0 | _aAlgebras, Linear. | |
| 700 | 1 |
_aCosta, Gabriel B. _936616 |
|
| 856 | 4 | 1 |
_3Table of contents only _uhttp://www.loc.gov/catdir/toc/ecip0713/2007012013.html |
| 906 |
_a7 _bcbc _corignew _d1 _eecip _f20 _gy-gencatlg |
||
| 942 |
_2ddc _cDVD |
||
| 999 |
_c32228 _d266728 |
||